|
|
|
|
| LEADER |
00000nam0a2200000 4500 |
| 001 |
159897 |
| 005 |
20231101222140.0 |
| 010 |
|
|
|a 9785932861318
|
| 035 |
|
|
|a (RuTPU)RU\TPU\book\173416
|
| 090 |
|
|
|a 159897
|
| 100 |
|
|
|a 20090515d2009 km y0rusy50 ca
|
| 101 |
1 |
|
|a rus
|c eng
|
| 102 |
|
|
|a RU
|
| 105 |
|
|
|a a g 001zy
|
| 200 |
1 |
|
|a Менеджмент. Менеджер, вдохни новую жизнь в свою компанию и карьеру. Больше возможностей, больше стремлений, больше успеха
|e справочник по вдохновению
|e пер. с англ.
|f В. Томпсон
|
| 210 |
|
|
|a СПб.
|c Символ-Пресс
|d 2009
|
| 215 |
|
|
|a 256 с.
|c ил.
|
| 225 |
1 |
|
|a Бизнес XXI века
|
| 320 |
|
|
|a Алфавитный указатель: с. 251-254.
|
| 330 |
|
|
|a Книга Томпсона «Менеджмент. Справочник по вдохновению» будет полезна всем, кто работает в сфере управления, особенно менеджерам среднего звена. В ней вы найдете множество советов и рекомендаций, которые помогут вам максимально использовать свои возможности и раскрыть еще не реализованный потенциал. Автор подробно рассказывает, как выделиться из толпы и достичь своей цели. Прочитав эту книгу, вы поймете, что ваша карьера зависит от вас, а не вы от карьеры.
|
| 606 |
1 |
|
|a Менеджмент
|2 stltpush
|3 (RuTPU)RU\TPU\subj\42098
|9 61850
|
| 610 |
1 |
|
|a управление
|
| 610 |
1 |
|
|a управленческая деятельность
|
| 610 |
1 |
|
|a менеджеры
|
| 610 |
1 |
|
|a руководители
|
| 610 |
1 |
|
|a самоменеджмент
|
| 610 |
1 |
|
|a организационные изменения
|
| 610 |
1 |
|
|a карьера
|
| 610 |
1 |
|
|a успех
|
| 610 |
1 |
|
|a практические советы
|
| 686 |
|
|
|a У821я2
|v LBC/SL-A
|2 rubbk
|
| 700 |
|
1 |
|a Томпсон
|b В.
|g Винс
|
| 801 |
|
1 |
|a RU
|b 63413507
|c 20090515
|g PSBO
|
| 801 |
|
2 |
|a RU
|b 63413507
|c 20120621
|g RCR
|
| 942 |
|
|
|c BK
|
| 959 |
|
|
|a 58/20090508
|d 1
|e 258,20
|f ЧЗГЛ:1
|